000 00869nam a2200265Ia 4500
003 OSt
005 20220926020826.0
006 a|||||r|||| 00| 0
007 ta
008 220923b |||||||| |||| 00| 0 eng d
020 _a9788132211501
_c6309.7700000000004
037 _b5615, 14/10/2015, RAJKIRAN BOOK AGENCY
_cGeneral Book
040 _aRTL
_cRTL
_beng
041 _2eng
_aeng
082 _aX:77-75, Q4
100 _aACHARYYA Rajat
245 0 _aTrade, globalization and development
_b Essays in honour of Kalyan K. Sanyal
260 _aNew York
_bSpringer
_c2014
300 _axvii, 213p
_ccm.
500 _aReferences:307-616p.
650 _aEconomics
700 _a MARJIT Sugata
_9250063
942 _hX:77-75, Q4
_cGB
_2CC
999 _c635063
_d635063